000 00734nam a22002417a 4500
001 240032
003 DO-SdBNP
005 20180201140740.0
007 240032
008 160321b 1974 ag ||||| |||| 00| 0 spa d
040 _aBPMSU
_bspa
_cBPMSU
041 1 7 _aspa
_heng
100 1 _aBernstein, Rose
240 1 0 _aHelping unmarried mothers.
_lEspañol
245 1 0 _aLa madre soltera frente a la sociedad /
_cRose Burnstein ; traducción María Luisa Martínez Alinari
250 _a1a ed. en castellano.
260 _aArgentina :
_bEdiciones Marymar,
_c1974.
300 _a171 p. ;
_c23 cm.
700 1 2 _aMartínez Alinari, María Luisa,
_etr.
942 _2ddc
_cBK
945 _aInventariado, 2018 /LP
956 _aLOPEREZ
_b10
999 _c9345
_d9345